English in the dalit context / (Record no. 90097)

MARC details
000 -LEADER
fixed length control field 00783nam a22002297a 4500
005 - DATE AND TIME OF LATEST TRANSACTION
control field 20141128123404.0
010 ## - LCCN (DPL NO)
LC control number ENG-111253
020 ## - INTERNATIONAL STANDARD BOOK NUMBER
International Standard Book Number 9788125055198
Terms of availability 625.00
035 ## - SYSTEM CONTROL NUMBER
System control number EN-94785
037 ## - SOURCE OF ACQUISITION
Source of stock number/acquisition DBAD/PUB
082 ## - DEWEY DECIMAL CLASSIFICATION NUMBER
Classification number 891.4
245 ## - TITLE STATEMENT
Title English in the dalit context /
Statement of responsibility, etc edited by Alladi Uma, K. Suneetha Rani [and] D. Murali Manohar
260 ## - PUBLICATION, DISTRIBUTION, ETC. (IMPRINT)
Place of publication, distribution, etc New Delhi
Name of publisher, distributor, etc Orient Blackswan
Date of publication, distribution, etc 2014
270 ## - ADDRESS
Address 1/24, Asaf Ali Road
City New Delhi
Postal code 110002
300 ## - PHYSICAL DESCRIPTION
Extent vii, 182p.
Dimensions 23cm(Hb)
500 ## - GENERAL NOTE
General note English in the dalit context
520 ## - SUMMARY, ETC.
Summary, etc Proceedings of the National Seminar on English in the Dalit Context held at Hyderabad in 2011
700 ## - ADDED ENTRY--PERSONAL NAME
Personal name Alladi Uma
700 ## - ADDED ENTRY--PERSONAL NAME
Personal name Suneetha Rani,K.
700 ## - ADDED ENTRY--PERSONAL NAME
Personal name Murali Manohar, D.
942 ## - ADDED ENTRY ELEMENTS (KOHA)
Source of classification or shelving scheme Dewey Decimal Classification
Item type English Books
Call number suffix ENG
Classification part 891.4
Holdings
Withdrawn status Lost status Not for loan Collection code Home library Current library Date acquired Source of acquisition Cost, normal purchase price Full call number Barcode Copy number Cost, replacement price Koha item type
    Not For Loan Non-fiction D.B.Act.Division D.B.Act.Division 17/11/2014 DBAD/PUB 625.00 891.4 ENG EN-94785 1 625.00 English Books

© Delhi Public Library
Hit Counter
free hit counter